Statistics for Countries worth the most in Scrabble - Correct Version

Click here to take the quiz!

General Stats

  • This quiz has been taken 11 times
  • The average score is 4 of 13

Answer Stats

Answer# of points% Correct
Brazil17
56%
China10
56%
Japan14
56%
Jordan14
56%
Turkey12
56%
Chad10
33%
Panama10
22%
Bolivia12
11%
Chile10
11%
Cyprus13
11%
Morocco13
11%
Gambia11
0%
Tonga6
0%

Score Distribution

Percentile by Number Answered

Percent of People with Each Score

Your Score History

You have not taken this quiz